Algo más que periodistas sociología de una profesión. (Registro nro. 42693)

Detalles MARC
000 -ENCABEZADO
Número de control [NR] 00782nam a2200229Ia 4500
008 - DE LONGITUD FIJA DE DATOS DE ELEMENTOS - INFORMACIÓN GENERAL
Elementos de longitud fija [NR] 130821s2000 sp gr spa
020 ## - NUMERO INTERNACIONAL NORMALIZADO PARA LIBROS [R]
Número Internacional Normalizado del libro [NR] 8434418142
040 ## - FUENTE DE CATALOGACION [NR]
Agencia de catalogación original [NR] Co-BoUCM
Idioma de catalogación [NR] spa
041 00 - CODIGO DE IDIOMA [R]
Código de idioma para texto/pista de sonido o título separado [R] Español
100 1# - ASIENTO PRINCIPAL--NOMBRE PERSONAL [NR]
Nombre personal [NR] Ortega, Félix
ID Autoridad 56969
245 10 - MENCION DE TITULO [NR]
Título [NR] Algo más que periodistas sociología de una profesión.
Mención de responsabilidad, etc. [NR] Félix Ortega, María Luisa Humanes
260 ## - PUBLICACION, DISTRIBUCION, ETC. (PIE DE IMPRENTA) [R]
Lugar de publicación, distribución, etc. [R] Barcelona (España)
Nombre del editor, distribuidor, etc. [R] Editorial Ariel
Fecha de publicación, distribución, etc. [R] 2000
300 ## - DESCRIPCION FISICA [R]
Extensión [R] 236 páginas
490 ## - MENCION DE SERIE [R]
Mención de serie [R] Ariel Sociología
504 ## - NOTA DE BIBLIOGRAFIA, ETC. [R]
Nota de bibliografía, etc. [NR]
650 04 - ASIENTO SECUNDARIO DE MATERIA - TERMINO TEMATICO [R]
Término temático o nombre geográfico como elemento de entrada [NR] Periodismo como profesión
9 (RLIN) 21343
650 04 - ASIENTO SECUNDARIO DE MATERIA - TERMINO TEMATICO [R]
Término temático o nombre geográfico como elemento de entrada [NR] Periodistas
Subdivisión geográfica [R] España
9 (RLIN) 21366
650 04 - ASIENTO SECUNDARIO DE MATERIA - TERMINO TEMATICO [R]
Término temático o nombre geográfico como elemento de entrada [NR] Sociología del periodismo
9 (RLIN) 24794
700 1# - ASIENTO SECUNDARIO - NOMBRE PERSONAL [R]
Nombre personal [NR] Humanes, María Luisa
9 (RLIN) 34476
942 ## - ELEMENTOS DE ENTRADA AGREGADOS (KOHA)
Tipo de ítem principal el descrito en 300a Libro
Tema principal Comunicación
Edición 1
Parte restante de la signatura top. O771a
Sistema de clasificación DEWEY
Clasificación 070.69
Existencias
Fecha de último préstamo Total préstamos Signatura topográfica Código de barras Última vez visto Ejemplar Price effective from Tipo de ítem Perdido Sistema de clasificación Dañado No prestable Tipo de ítem específico Suprimido Ubicación habitual Ubicación actual Localización Fecha de creación Forma de adquisición Costo
03/09/2014 32 070.69 O771a 100064744 05/12/2025 Ej.1 03/02/2013 Libro   DEWEY     Libro   Claustro Claustro 2do piso 28/02/2004 Compra 88000.00